• 首页
  • 本馆介绍
  • 公告通知
  • 最新文献
  • 馆藏检索
  • 电子资源
  • 读者导购
  • 参考咨询
  • 我的图书馆
  • 登录
  • 详细信息显示
  • 放入我的书架
  • 预约/预借图书
  • 作者相关作品
  • 分类相关作品
  • 丛书相关作品
  • 出版社相关作品

书目信息

  • 表格格式
  • 工作单格式
  • 卡片格式
题名:
敦煌奖·琵琶独奏、重奏新作品集
    
 
作者: ;中国民族管弦乐学会琵琶专业委员会 主编
分册:  
出版信息: 上海   上海音乐出版社  2020.10
页数: 219页
开本: 31cm
丛书名:
单 册:
中图分类: J648.33
科图分类:
主题词: 琵琶--独奏曲--作品集--中国 , 琵琶--重奏曲--作品集--中国
电子资源:
ISBN: 978-7-5523-2043-5
000 01263nam0 2200265 45
001 012001000805
005 20130909155224.0
010    @a978-7-5523-2043-5@dCNY155.00
100    @a20210408d2020 em y0chiy0110 ea
101 0  @achi
102    @aCN@b310000
105    @ag z 000yy
106    @ar
200 1  @a敦煌奖·琵琶独奏、重奏新作品集@Adun huang jiang · pi pa du zou 、 chong zou xin zuo pin ji@dSound of Dunhuang award a selection of Pipa solo & ensemble works@f中国民族管弦乐学会琵琶专业委员会主编@zeng
210    @a上海@c上海音乐出版社@d2020.10
215    @a219页@d31cm
300    @a并列题名:Sound of Dunhuang award a selection of Pipa solo & ensemble works
330    @a本书分为独奏乐曲和重奏乐曲两部分,收录了《关帝云长(为琵琶独奏而作)》《粉墨》《面纱(为八把琵琶而作)》《夏(琵琶四重奏)》等曲谱,每首作品均提供了演奏提示、作品简介、作曲家简介等相关内容。
510 1  @aSound of Dunhuang award a selection of Pipa solo & ensemble works@zeng
606 0  @a琵琶@x独奏曲@x作品集@y中国
606 0  @a琵琶@x重奏曲@x作品集@y中国
690    @aJ648.33@v5
711 02 @a中国民族管弦乐学会琵琶专业委员会@Azhong guo min zu guan xian yue xue hui pi pa zhuan ye wei yuan hui@4主编
801    @aCN@b江苏凤凰@c20211018
905    @b1341106-9@dJ648.33@e253@f4
    
    敦煌奖·琵琶独奏、重奏新作品集=Sound of Dunhuang award a selection of Pipa solo & ensemble works/中国民族管弦乐学会琵琶专业委员会主编.-上海:上海音乐出版社,2020.10
    219页;31cm
    并列题名:Sound of Dunhuang award a selection of Pipa solo & ensemble works
    
    ISBN 978-7-5523-2043-5:CNY155.00
    本书分为独奏乐曲和重奏乐曲两部分,收录了《关帝云长(为琵琶独奏而作)》《粉墨》《面纱(为八把琵琶而作)》《夏(琵琶四重奏)》等曲谱,每首作品均提供了演奏提示、作品简介、作曲家简介等相关内容。
●
相关链接 在E读中查询图书 在五车中查询图书 在当当中查询图书 在豆瓣中查询图书


正题名:敦煌奖·琵琶独奏、重奏新作品集     索取号:J648.33/253         预约/预借

序号 登录号 条形码 馆藏地/架位号 状态 备注
1 1341106   213411066   第一样本阅览室/ [索取号:J648.33/253] 在馆    
2 1341107   213411075   第一借阅区/ [索取号:J648.33/253] 在馆    
3 1341108   213411084   第一借阅区/ [索取号:J648.33/253] 在馆    
4 1341109   213411093   第一借阅区/ [索取号:J648.33/253] 在馆    
唐山师范学院图书馆 欢迎您!
大连网信软件有限公司© 版权所有